Pokémon TCG Pocket - Crise Interdimensionnelle - Statistiques

Statistiques générales
  • Ce quiz a été pris 20 fois
  • Le résultat moyen est 64 sur 103
Statistiques - réponses
Numéro Nom de la carte Rareté Type de quiz % Correct
062 Bamboiselle ◆◆◆ Incolore
100%
075 Bamboiselle Incolore
100%
090 Arcanin 🟎 Feu
92%
007 Cancrelove ◆◆ Plante
92%
071 Cancrelove Plante
92%
043 Engloutyran EX ◆◆◆◆ Obscurité
92%
079 Engloutyran EX ★★ Obscurité
92%
086 Engloutyran EX ★★ Obscurité
92%
006 Mouscoto EX ◆◆◆◆ Plante
92%
076 Mouscoto EX ★★ Plante
92%
088 Mouscoto EX ★★★ Plante
92%
009 Pierroteknik ◆◆ Feu
92%
072 Pierroteknik Feu
92%
042 Zéroïd ◆◆◆ Obscurité
92%
103 Zéroïd Obscurité
92%
032 Rocabot Combat
85%
046 Taupiqueur d'Alola Métal
85%
019 Tokorico EX ◆◆◆◆ Électrique
85%
077 Tokorico EX ★★ Électrique
85%
084 Tokorico EX ★★ Électrique
85%
047 Triopikeur d'Alola EX ◆◆◆◆ Métal
85%
080 Triopikeur d'Alola EX ★★ Métal
85%
087 Triopikeur d'Alola EX ★★ Métal
85%
020 Câblifère ◆◆ Électrique
77%
089 Caninos 🟎 Feu
77%
069 Elsa-Mina ◆◆ Supporter
77%
083 Elsa-Mina ★★ Supporter
77%
008 Katagami Plante
77%
033 Lougaroc EX ◆◆◆◆ Combat
77%
078 Lougaroc EX ★★ Combat
77%
085 Lougaroc EX ★★ Combat
77%
045 Mandrillon ◆◆◆ Obscurité
77%
044 Vémini Obscurité
77%
100 Arcanin EX 🟎🟎 Feu
69%
005 Archéduc ◆◆◆ Plante
69%
003 Brindibou Plante
69%
070 Brindibou Plante
69%
099 Celebi EX 🟎🟎 Plante
69%
004 Efflèche ◆◆ Plante
69%
067 Gladio ◆◆ Supporter
69%
081 Gladio ★★ Supporter
69%
037 Miaouss d'Alola Obscurité
69%
073 Miaouss d'Alola Obscurité
69%
038 Persian d'Alola ◆◆ Obscurité
69%
098 Ptéra 🟎 Incolore
69%
101 Ptéra EX 🟎🟎 Combat
69%
061 Silvallié ◆◆◆ Incolore
69%
074 Silvallié Incolore
69%
060 Type : 0 ◆◆ Incolore
69%
021 Zeraora ◆◆◆ Électrique
69%
053 Ama-Ama ◆◆ Métal
62%
093 Amphinobi 🟎 Eau
62%
092 Croâporal 🟎 Eau
62%
091 Grenousse 🟎 Eau
62%
097 Roucarnage 🟎 Incolore
62%
102 Roucarnage EX 🟎🟎 Incolore
62%
095 Roucool 🟎 Incolore
62%
096 Roucoups 🟎 Incolore
62%
035 Bacabouh Combat
54%
068 Beladonis ◆◆ Supporter
54%
082 Beladonis ★★ Supporter
54%
066 Chimérite ◆◆ Outil Pokémon
54%
027 Lampignon ◆◆◆ Psy
54%
094 Lippoutou 🟎 Psy
54%
026 Spododo Psy
54%
036 Trépassable ◆◆ Combat
54%
030 Balbuto Combat
46%
063 Barrière Chimère ◆◆ Objet
46%
011 Carvanha Eau
46%
001 Chlorobule Plante
46%
002 Fragilady Plante
46%
051 Grindur Métal
46%
031 Kaorine ◆◆ Combat
46%
013 Lixy Électrique
46%
014 Luxio Électrique
46%
015 Luxray ◆◆◆ Électrique
46%
052 Noacier ◆◆ Métal
46%
064 Repousse ◆◆ Objet
46%
012 Sharpedo ◆◆ Eau
46%
016 Zébibron ◆◆ Électrique
46%
017 Zéblitz ◆◆ Électrique
46%
024 Brocélôme Psy
38%
065 Câble Électrique ◆◆ Outil Pokémon
38%
029 Charmina ◆◆ Combat
38%
058 Chelours ◆◆ Incolore
38%
010 Démanta Eau
38%
025 Desséliande Psy
38%
018 Emolga ◆◆ Électrique
38%
059 Gouroutan Incolore
38%
057 Nounourson Incolore
38%
055 Ponchien Incolore
38%
054 Ponchiot Incolore
38%
034 Quartermac Combat
38%
041 Crocorible ◆◆ Obscurité
31%
040 Escroco Obscurité
31%
049 Galegon Métal
31%
048 Galekid Métal
31%
050 Galeking ◆◆ Métal
31%
039 Mascaïman Obscurité
31%
056 Mastouffe ◆◆ Incolore
31%
028 Méditikka Combat
31%
023 Mélodelfe ◆◆ Psy
31%
022 Mélofée Psy
31%
Aucun quiz correspondant
Distribution des résultats
% des personnes avec chaque résultat
Percentile par nombre de réponses
Votre historique - résultats
Vous n’avez pas pris ce quiz